| 000 | 00350nam a22001457a 4500 | ||
|---|---|---|---|
| 008 | 210305b ||||| |||| 00| 0 eng d | ||
| 020 | _a9780132301459 | ||
| 041 | _aeng | ||
| 080 |
_26th _a330.722.6 |
||
| 082 |
_26th _a330.722.6 |
||
| 100 | _a61 | ||
| 101 | _aKF | ||
| 245 |
_aIntroduction to Financial Accounting _cHorngren,T.CH |
||
| 942 |
_2udc _cBK |
||
| 999 |
_c55845 _d55845 |
||